Lee Kuan Yew on the chinese community in Singapore

Bibliographic Details
Format: Book
Published: Singapore : Singapore Federation of Chinese Clan Association , 19--?
Subjects:

MARC

LEADER 00000cam a2200000 7i4500
001 0000000169
002 000000230
005 20080125.0
020 |a 9971615088 
090 0 0 |a 959.5706   |b LEE 
245 0 0 |a Lee Kuan Yew on the chinese community in Singapore 
260 |a Singapore :   |b Singapore Federation of Chinese Clan Association ,   |c 19--? 
300 |a 120p. :   |b ill. ;   |c 26cm. 
600 0 0 |a Lee Kuan Yew   |x Biography 
650 0 0 |a Prime Minister   |z Singapore 
999 |a 027491   |b BUKU   |c PINJAMAN   |e PERPUSTAKAAN KOMUNITI PETALING JAYA